The essence of Buddhism / (Record no. 2895)

MARC details
000 -LEADER
fixed length control field 00422nam a2200157 4500
001 - CONTROL NUMBER
control field 3558
005 - DATE AND TIME OF LATEST TRANSACTION
control field 20181127171453.0
020 00 - INTERNATIONAL STANDARD BOOK NUMBER
International Standard Book Number
090 00 - LOCALLY ASSIGNED LC-TYPE CALL NUMBER (OCLC); LOCAL CALL NUMBER (RLIN)
Classification number (OCLC) (R) ; Classification number, CALL (RLIN) (NR) 241.3 N2185e 1993
245 00 - TITLE STATEMENT
Title The essence of Buddhism /
Remainder of title
Statement of responsibility, etc. P. Lakshmi Narasu.
Medium
260 00 - PUBLICATION, DISTRIBUTION, ETC.
Place of publication, distribution, etc. New Delhi :
Name of publisher, distributor, etc. Asian Educational Services,
Date of publication, distribution, etc. 1993.
300 00 - PHYSICAL DESCRIPTION
Extent ix, 312 p. ; 21 cm.
500 00 - GENERAL NOTE
General note
650 00 - SUBJECT ADDED ENTRY--TOPICAL TERM
Topical term or geographic name entry element Buddhism --Doctrines.
General subdivision
Topical term or geographic name entry element Buddhism --Study and teaching.
General subdivision
Holdings
Withdrawn status Lost status Source of classification or shelving scheme Damaged status Not for loan Collection code Home library Current library Shelving location Serial Enumeration / chronology Inventory number Total Checkouts Total Renewals Full call number Barcode Checked out Date last seen Date last checked out Price effective from Koha item type
    Dewey Decimal Classification     Main TEST RTC Library RTC Library Main opac 6086 1 2 241.3 NAR 30001766 21/05/2026 06/04/2026 06/04/2026 27/11/2018 Main
Royal Thimphu College || All Right Reserved